|
|
|
|
| LEADER |
01631nam a2200373 i 4500 |
| 001 |
EBC6425444 |
| 003 |
MiAaPQ |
| 005 |
20210602075311.0 |
| 006 |
m o d | |
| 007 |
cr cnu|||||||| |
| 008 |
210602s2020 enka o 000 0 eng d |
| 020 |
|
|
|z 9781911193807
|q (print)
|
| 020 |
|
|
|z 9781911193821
|q (electronic bk.)
|
| 035 |
|
|
|a (MiAaPQ)EBC6425444
|
| 035 |
|
|
|a (Au-PeEL)EBL6425444
|
| 035 |
|
|
|a (OCoLC)1203953983
|
| 040 |
|
|
|a MiAaPQ
|b eng
|e rda
|e pn
|c MiAaPQ
|d MiAaPQ
|
| 050 |
|
4 |
|a HD58.8
|b .L453 2020
|
| 082 |
0 |
|
|a 658.406
|2 23
|
| 100 |
1 |
|
|a Leicester, Graham,
|e author.
|
| 245 |
1 |
0 |
|a Transformative Innovation :
|b a guide to practice and policy for system transition /
|c Graham Leicester.
|
| 250 |
|
|
|a Second edition.
|
| 264 |
|
1 |
|a Axminster, England :
|b Triarchy Press,
|c 2020.
|
| 300 |
|
|
|a 1 online resource (vii,118 pages) :
|b illustrations
|
| 336 |
|
|
|a text
|b txt
|2 rdacontent
|
| 337 |
|
|
|a computer
|b c
|2 rdamedia
|
| 338 |
|
|
|a online resource
|b cr
|2 rdacarrier
|
| 588 |
|
|
|a Description based on print version record.
|
| 590 |
|
|
|a Electronic reproduction. Ann Arbor, MI : ProQuest, 2018. Available via World Wide Web. Access may be limited to ProQuest affiliated libraries.
|
| 650 |
|
0 |
|a Organizational change
|x Management.
|
| 655 |
|
4 |
|a Electronic books.
|
| 776 |
0 |
8 |
|i Print version:
|a Leicester, Graham.
|t Transformative Innovation : a guide to practice and policy for system transition.
|b Second edition.
|d Axminster, England : Triarchy Press, 2020
|h vii,118 pages
|z 9781911193807
|
| 797 |
2 |
|
|a ProQuest (Firm)
|
| 856 |
4 |
0 |
|u https://ebookcentral.proquest.com/lib/matrademy/detail.action?docID=6425444
|z Click to View
|